| 000 | 01773cam a2200469Ii 4500 | ||
|---|---|---|---|
| 001 | ocn943076574 | ||
| 003 | OCoLC | ||
| 005 | 20200320195216.0 | ||
| 008 | 160304t20162016utu 000 1 eng d | ||
| 020 |
_a9781680479355 _q(paperback) |
||
| 020 |
_a1680479350 _q(paperback) |
||
| 035 | _a(OCoLC)943076574 | ||
| 040 |
_aUPZ _beng _erda _cUPZ _dBTCTA _dWACOL |
||
| 043 | _af-ua--- | ||
| 049 | _aWACL | ||
| 050 | 4 |
_aPS3613.O5589 _bD45 2016 |
|
| 082 | 0 | 4 |
_a813/.6 _22 |
| 092 |
_afiction _bMoo |
||
| 100 | 1 |
_aMoore, H. B. _q(Heather Brown), _eauthor. _953211 |
|
| 245 | 1 | 0 |
_aDeliverance : _ba novel / _cby Heather B. Moore. |
| 264 | 1 |
_aAmerican Fork, Utah : _bCovenant Communications, Inc., _c[2016] |
|
| 264 | 4 | _c©2016 | |
| 300 |
_a236 pages ; _c23 cm. |
||
| 336 | _atext | ||
| 337 | _aunmediated | ||
| 338 | _avolume | ||
| 490 | 1 |
_aThe Moses chronicles ; _vVolume 2 |
|
| 520 | _aA retelling of events that follows Moses' journey from fugitive of Egypt to prophet of God. | ||
| 521 |
_aLDS fiction _bdeseret book |
||
| 600 | 0 | 0 |
_aMoses _c(Biblical leader) _vFiction. _95908535 |
| 650 | 0 |
_aJews _xHistory _yTo 1200 B.C. _vFiction. _95908536 |
|
| 630 | 0 | 0 |
_aBible. _pOld Testament _xHistory of Biblical events _vFiction. _95691408 |
| 651 | 0 |
_aEgypt _xCivilization _yTo 332 B.C. _vFiction. _95908537 |
|
| 655 | 7 |
_aReligious fiction. _2lcgft _95689984 |
|
| 655 | 7 |
_aChristian fiction. _2gsafd _95908538 |
|
| 800 | 1 |
_aMoore, H. B. _q(Heather Brown). _tMoses chronicles ; _vv. 2. _95908539 |
|
| 938 |
_aBaker and Taylor _bBTCP _nBK0018404137 |
||
| 942 |
_cBOOK _07 |
||
| 948 |
_a03/30/2016 _zSirsi |
||
| 994 |
_aC0 _bWACOL |
||
| 996 |
_a129841 _b34301001227885 _cLDSF _dbk _ewcl _fi _g7 _h16.99 _ldeseret book _mMoo _p03/31/2016 _q07/10/2018 _r07/03/2018 |
||
| 999 |
_c289280 _d289280 |
||